Wombs In Labor : (Record no. 167776)

MARC details
000 -LEADER
fixed length control field 00603nam a22001937a 4500
005 - DATE AND TIME OF LATEST TRANSACTION
control field 20190919114539.0
010 ## - LCCN (DPL NO)
LC control number ENG-126494
020 ## - INTERNATIONAL STANDARD BOOK NUMBER
Terms of availability 1095.00
International Standard Book Number 9789386552914
035 ## - SYSTEM CONTROL NUMBER
System control number EN-110026
037 ## - SOURCE OF ACQUISITION
Source of stock number/acquisition DBAD/PUB
082 ## - DEWEY DECIMAL CLASSIFICATION NUMBER
Classification number 306.8743
100 ## - MAIN ENTRY--PERSONAL NAME
Personal name Pande, Amrita
245 ## - TITLE STATEMENT
Title Wombs In Labor :
Statement of responsibility, etc By Amrita Pande
Remainder of title Transnational commercial Surrogacy In India /
260 ## - PUBLICATION, DISTRIBUTION, ETC. (IMPRINT)
Place of publication, distribution, etc Delhi
Name of publisher, distributor, etc Primus Books
Date of publication, distribution, etc 2018
270 ## - ADDRESS
City Delhi
Address Virat Bhavan, Mukherjee Nagar Commercial Complex
Postal code 110009
300 ## - PHYSICAL DESCRIPTION
Extent 252p.
Dimensions 23cm(hb)
500 ## - GENERAL NOTE
General note Includes Index
942 ## - ADDED ENTRY ELEMENTS (KOHA)
Source of classification or shelving scheme Dewey Decimal Classification
Item type English Books
Classification part 306.8743
Call number suffix PAN
Holdings
Withdrawn status Lost status Not for loan Collection code Home library Current library Date acquired Source of acquisition Cost, normal purchase price Full call number Barcode Copy number Cost, replacement price Koha item type
    Not For Loan Non-fiction D.B.Act.Division Mobile Library 19/09/2019 DBAD/PUB 1095.00 306.8743 PAN EN-110026 1 1095.00 English Books

© Delhi Public Library
Hit Counter
free hit counter